000 01084nam a22002897a 4500
001 7421
003 FISKH
005 20250714151752.0
008 250714b cb ||||| |||| 00| 0 eng d
020 _a9780571241811
040 _aFISKH
_beng
_cFISKH
_dFISKH
050 _aPZ7
082 _a828.9202
100 _aHill, Harry
245 _aHarry Hill's whopping great joke book /
_cBy Harry Hill
250 _aFirst published in 2008
260 _aLondon :
_bFaber and Faber Limited ,
_c2008.
300 _a401 pages :
_billustrations ;
_c18 cm .
505 _aR
520 _aBritain's favourite comedian, Harry Hill, loves jokes so much that he has put together a side-splitting joke book for all the family. Containing Harry's favourite jokes picked from the world's joke archive, it also features jokes written by Harry, including some brand-new ones written specially for this book.
521 8 _a780
_bLexile estimate
521 8 _aR
_bRaz-Plus
650 _aComedian
_vFiction
650 _aJokes
_vFiction
942 _2ddc
_cBK
_n0
999 _c7421
_d7421